000 00661nam a2200193Ia 4500
003 LDD
008 190117s9999 xx 000 0 und d
020 _c₹250
040 _cLDD
041 _ahi
082 _a305.4 स्79203
245 0 _aस्त्री सशक्तीकरण के विविध आयाम
246 _a Stree sashakteekaran ke vividh aayaam
260 _aहैदराबाद
_bगीता प्रकाशन
_c2004
300 _a432
901 _aHBC
904 _aReqst by : विमल खांडंेकर थोरात
942 _2ddc
_cH
999 _c175345
_d175345